-
TORTORA,GERARD.J AND DERRICKSON, BRYAN
Entry Personal Name
Number of records used in: 4
001 - CONTROL NUMBER
003 - CONTROL NUMBER IDENTIFIER
005 - DATE AND TIME OF LATEST TRANSACTION
- control field:
20220221113526.0
008 - FIXED-LENGTH DATA ELEMENTS
- fixed length control field:
220221|| aca||aabn | a|a d
040 ## - CATALOGING SOURCE
- Original cataloging agency:
OSt
- Transcribing agency:
OSt
100 ## - HEADING--PERSONAL NAME
- Personal name:
TORTORA,GERARD.J AND DERRICKSON, BRYAN
670 ## - SOURCE DATA FOUND
- Source citation:
Work cat.: (OSt): TORTORA,GERARD.J AND DERRICKSON, BRYAN, TORTORA,S PRINCIPLES OF ANATOMY AND PHYSIOLOSY, 2017